| 000 | 00776nam a22002417a 4500 | ||
|---|---|---|---|
| 003 | OSt | ||
| 005 | 20211126020514.0 | ||
| 008 | 170211b xxu||||| |||| 00| 0 eng d | ||
| 010 | _a 98012662 | ||
| 020 | _a0763706442 | ||
| 040 |
_aMMU _cMMU _dMMU _beng. |
||
| 050 | 0 | 0 |
_aRT85.2 _b.O37 1999 |
| 100 | 1 | _aO'Brien, Mary Elizabeth. | |
| 245 | 1 | 0 |
_aSpirituality in nursing : _bstanding on holy ground / _cMary Elizabeth O'Brien. |
| 260 |
_aSudbury, Mass. : _bJones and Bartlett Pub., _cc1999. |
||
| 300 |
_axvii, 298 p. : _c23 cm. |
||
| 500 | _aIncludes bibliographical references and index. | ||
| 650 | 0 |
_aNursing _xReligious aspects _xChristianity. |
|
| 650 | 0 | _aNursing ethics. | |
| 650 | 0 |
_aNursing _xPhilosophy. |
|
| 650 | 0 | _aNurse and patient. | |
| 942 |
_2lcc _cLOAN LOAN |
||
| 999 |
_c22629 _d22629 |
||